Sports Quiz

Random Sports or NHL Quiz

NHL Top 200 Goal Scorers (Career) Quiz Stats

 Plays Quiz Updated Nov 7, 2018

Also try: NHL Goalie Goals
Challenge
Share
Tweet
Embed
Score 0/200 Timer 20:00
22 Plays Today
Rank Player % Correct
1.Wayne Gretzky
97.9%
2. Gordie Howe
88.9%
86.Sidney Crosby
88.7%
4.Brett Hull
88.2%
17.Bobby Hull
88.1%
3.Jaromir Jagr
88%
10.Mario Lemieux
87.6%
198.Dennis Hull
87.2%
19.Alex Ovechkin
86.8%
113.Claude Lemieux
86.3%
8.Mark Messier
85.6%
9.Steve Yzerman
81.3%
30.Maurice Richard
79.6%
132.Henri Richard
79.2%
15.Joe Sakic
78%
11.Teemu Selanne
77.8%
15.Jarome Iginla
74.2%
25.Mike Modano
73.8%
121.Evgeni Malkin
73.5%
20.Jari Kurri
73.3%
6.Phil Esposito
73.1%
23.Mats Sundin
71.7%
22.Mike Bossy
71.1%
67.Pavel Bure
70.4%
104.Daniel Sedin
69.9%
96.Joe Thornton
69.4%
118.Eric Lindros
68.8%
190 .Patrick Kane
68.4%
26.Guy Lafleur
67.9%
5.Marcel Dionne
67.5%
97.Paul Coffey
66.5%
12.Luc Robitaille
66.3%
13.Brendan Shanahan
66.1%
87.Ray Bourque
64.8%
28.Ron Francis
64.7%
163.Wendel Clark
64.6%
21.Mark Recchi
64.1%
51.Sergei Fedorov
63.5%
149.Steven Stamkos
63.1%
40.Jeremy Roenick
62.4%
93.Paul Kariya
62.3%
36.Bryan Trottier
62.2%
62.Daniel Alfredsson
62.1%
106.Martin St. Louis
61.9%
77.Vincent Lecavalier
61.9%
81.Ilya Kovalchuk
61.7%
7.Mike Gartner
60.6%
186.Pavel Datsyuk
60.5%
31.Stan Mikita
60.4%
134.Bobby Smith
60.3%
67.Rick Nash
60.3%
43.Patrick Marleau
60.2%
158.Henrik Zetterberg
60.1%
46.Glenn Anderson
60.1%
14.Dave Andreychuk
59.3%
132.Bobby Clarke
59%
118.Dany Heatley
59%
54.Denis Savard
58.3%
55.Pat LaFontaine
58.3%
35.Marian Hossa
57.7%
53.Alexander Mogilny
57.5%
125.Corey Perry
57.1%
38.Dale Hawerchuk
57%
32.Keith Tkachuk
56.8%
154.Adam Oates
56.7%
165.Kevin Stevens
56.1%
99.Markus Naslund
56%
Rank Player % Correct
59.Doug Gilmour
55.7%
57.Theoren Fleury
55.6%
42.Jean Beliveau
55.4%
99.Eric Staal
55.1%
88.Patrik Elias
55%
45.Lanny McDonald
54.8%
91.John LeClair
54.6%
23.Joe Nieuwendyk
54.6%
99.Cam Neely
53.9%
18.Dino Ciccarelli
53.5%
43.Peter Bondra
53.5%
59.Peter Stastny
52.3%
39.Pierre Turgeon
51%
58.Rod Brind'Amour
50.6%
71.Alexei Kovalev
50.4%
115.Trevor Linden
49.8%
163.Phil Kessel
49.5%
191.Denis Potvin
49.2%
41.Gilbert Perreault
49.2%
50.Darryl Sittler
49.2%
155.Al MacInnis
49.2%
27.John Bucyk
48.5%
173.Jason Spezza
48.3%
93.Shane Doan
48.1%
146.Jeff Carter
47.6%
115.Milan Hejduk
47.5%
44.Joe Mullen
46.3%
29.Michel Goulet
45.7%
109.Ryan Smyth
45.6%
128.Brent Sutter
45.4%
198.Brian Sutter
45.4%
90.Marian Gaborik
45.2%
76.Owen Nolan
44.7%
66.Gary Roberts
44.4%
161.Zach Parise
44.3%
52.Bernie Nicholls
43.7%
34.Frank Mahovlich
43.4%
83.Tony Amonte
43.4%
158.Alexei Yashin
43.3%
37.Pat Verbeek
43.3%
113.Ted Lindsay
42.5%
56.Alex Delvecchio
42%
165.Adam Graves
42%
69.Vincent Damphousse
41.9%
186.Todd Bertuzzi
41.5%
75.Steve Shutt
41.5%
111.Rick Martin
41.4%
173.Pit Martin
41.4%
72.Bill Guerin
41.3%
185.Joe Pavelski
41.1%
81.Jason Arnott
41%
157.Phil Housley
40.7%
63.Steve Larmer
40.6%
49.Brian Bellows
40.2%
70.Dave Taylor
40%
180.Olli Jokinen
39.9%
194.Daniel Briere
39.7%
105.Bernie Geoffrion
39.3%
47.Jean Ratelle
39.1%
123.Bernie Federko
38.9%
80.Bill Barber
38.8%
91.Rod Gilbert
38.5%
134.Thomas Vanek
38.5%
65.Rick Tocchet
38%
77.Steve Thomas
38%
112.Reggie Leach
37.5%
73.Yvan Cournoyer
37.4%
Rank Player % Correct
125.Jacques Lemaire
37.3%
177.Dale Hunter
37%
165.Ziggy Palffy
36.7%
110.Ray Whitney
36.2%
134.Kirk Muller
36.1%
128.Miroslav Satan
35.8%
183.Clark Gillies
35.7%
121.Tim Kerr
35.4%
84.John MacLean
35.3%
173.Paul MacLean
35.3%
63.Rick Vaive
35.2%
74.Brian Propp
35.1%
61.Rick Middleton
34.6%
97.Dave Keon
34.6%
138.Slava Kozlov
34%
48.Norm Ullman
34%
77.Stephane Richer
34%
124.Geoff Courtnall
33.4%
141.Geoff Sanderson
33.2%
158.Glen Murray
32.2%
197.Pavol Demitra
32.2%
150.Charlie Simmer
31.4%
115.Butch Goring
31.1%
177.Petr Sykora
31.1%
103.Tomas Sandstrom
30.7%
88.Ray Ferraro
30.2%
127.Scott Mellanby
29.8%
138.Dennis Maruk
29.3%
171.Bobby Holik
29.1%
169.Ken Hodge
29.1%
191.Petr Nedved
28.8%
150.Scott Young
28.7%
147.Rick MacLeish
28.3%
141.Kevin Dineen
27.6%
147.Andy Bathgate
27.6%
93.John Ogrodnick
27.5%
184.Dave Gagner
27.5%
170.Scott Hartnell
27%
172.John Tonelli
26.6%
84.Garry Unger
26.6%
106.Jean Pronovost
26.4%
145.Danny Gare
26.1%
196Cliff Ronning
26%
99.Pierre Larouche
25.9%
134.Ray Sheppard
25.9%
120.Rick Kehoe
25.7%
181.Bobby Carpenter
25.4%
188.Petr Klima
25.4%
150.Brian Rolston
25.1%
177.Vic Hadfield
24.4%
141.Greg Adams
24.3%
150.Eddie Olczyk
24.1%
141.Mike Foligno
22%
162.Ron Ellis
22%
155.Dave Christian
21.1%
165.Mike Bullard
20.4%
193.Martin Gelinas
20.3%
138.Wilf Paiement
20.1%
128.Peter McNab
19.9%
173.Nels Stewart
19.7%
200.Ulf Dahlen
19.5%
131.Ivan Boldirev
18.9%
106.Dean Prentice
18.5%
181.Tony McKegney
17.4%
194.Bob Nevin
14.9%
188.Don Lever
14.8%

You're not logged in!

Compare scores with friends on all Sporcle quizzes.
OR
Log In

You Might Also Like...

Show Comments

Extras

Top Quizzes Today


Score Distribution

Your Account Isn't Verified!

In order to create a playlist on Sporcle, you need to verify the email address you used during registration. Go to your Sporcle Settings to finish the process.

Report this User

Report this user for behavior that violates our Community Guidelines.

Details: